[Event "40th Olympiad Women"]
[Site "Istanbul TUR"]
[Date "2012.09.04"]
[Round "7.22"]
[Board "2"]
[White "Berzina, Ilze"]
[Black "Franco Valencia, Angela"]
[Result "0-1"]
[WhiteTitle "WGM"]
[BlackTitle "WFM"]
[WhiteElo "2306"]
[BlackElo "2170"]
[WhiteTeam "Latvia"]
[BlackTeam "Colombia"]
[WhiteFideId "11601345"]
[BlackFideId "4403070"]
[EventDate "2012.08.28"]

1. e4 e5 2. Nf3 Nc6 3. Bb5 a6 4. Ba4 Nge7 5. c3 g6 6. d4 exd4 7. cxd4 Bg7 8. O-O
b5 9. Bb3 O-O 10. Nc3 d6 11. Bg5 h6 12. Be3 Bg4 13. Nd5 Na5 14. Nf4 Nxb3 15.
axb3 g5 16. Nd3 f5 17. exf5 Rxf5 18. Nde1 Ng6 19. h3 Bxf3 20. Nxf3 Qd7 21. Nd2
Nf4 22. b4 Kh8 23. Ra3 Nd5 24. Qb3 Nf4 25. Kh2 Qc6 26. f3 Qd5 27. Qc2 Ne6 28.
Nb3 Rff8 29. Re1 Qc4 30. Qg6 Qd5 31. Qd3 Rae8 32. Rxa6 c5 33. bxc5 dxc5 34. Nd2
Nxd4 35. Bxd4 Qxd4 36. Qxd4 cxd4 37. Ne4 Rd8 38. Rd1 b4 39. Nc5 Rde8 40. Ne4 Ra8
41. Rb6 Rfb8 42. Rxb8+ Rxb8 43. Kg3 Rc8 44. Nf2 Rc2 45. Nd3 b3 46. f4 gxf4+ 47.
Kxf4 Rxg2 48. Ra1 Rh2 49. Ra3 Rxh3 50. Rxb3 Kh7 51. Nc5 Rh1 52. Ne6 Bf6 53. Kf5
Rf1+ 54. Ke4 h5 55. Nf4 h4 56. Kf5 Bg7 57. Kg4 Kg8 58. Nh5 Rg1+ 59. Kxh4 Be5 60.
Ng3 Kf7 61. Rd3 Ke6 62. Ne2 Rh1+ 63. Kg4 Kd5 64. Ra3 Ke4 65. Ra4 Rh2 66. Nxd4
Bxd4 67. Rb4 Rg2+ 68. Kh3 Rg8 69. Rb7 Be5 70. b3 Kf3 71. Kh4 Bf6+ 72. Kh5 Kf4
73. Rb5 Be5 74. Rb7 Kf5 75. Rb6 Rg1 76. Rb4 Rg7 77. Rb6 Rg5+ 78. Kh4 Rg2 0-1

[Event "40th Olympiad Women"]
[Site "Istanbul TUR"]
[Date "2012.09.04"]
[Round "7.22"]
[Board "3"]
[White "Franco Valencia, Beatriz Irene"]
[Black "Skinke, Katrina"]
[Result "1-0"]
[WhiteTitle "WFM"]
[BlackTitle "WIM"]
[WhiteElo "2253"]
[BlackElo "2226"]
[WhiteTeam "Colombia"]
[BlackTeam "Latvia"]
[WhiteFideId "4402618"]
[BlackFideId "11602260"]
[EventDate "2012.08.28"]

1. d4 Nf6 2. c4 g6 3. Nf3 Bg7 4. Nc3 d6 5. g3 O-O 6. Bg2 Nc6 7. O-O a6 8. h3 Bd7
9. Be3 Rb8 10. Rc1 b5 11. Nd2 e5 12. dxe5 Nxe5 13. b3 Re8 14. Bg5 bxc4 15. Nd5
h6 16. Bxf6 Bxf6 17. f4 Nc6 18. Nxf6+ Qxf6 19. Rxc4 Rb6 20. Ne4 Qb2 21. Nc3 Ne7
22. Rxc7 Nf5 23. Nd5 Rxe2 24. Bf3 Rd2 25. Qa1 Qxa1 26. Rxa1 Nd4 27. Bh1 Bxh3 28.
Nxb6 Ne2+ 29. Kf2 g5 30. Ke3 Rb2 31. Na4 gxf4+ 32. gxf4 1-0

[Event "40th Olympiad Women"]
[Site "Istanbul TUR"]
[Date "2012.09.04"]
[Round "7.22"]
[Board "4"]
[White "Erneste, Inguna"]
[Black "Castrillon Gomez, Melissa"]
[Result "0-1"]
[WhiteTitle "WGM"]
[BlackTitle "WFM"]
[WhiteElo "2203"]
[BlackElo "2181"]
[WhiteTeam "Latvia"]
[BlackTeam "Colombia"]
[WhiteFideId "11600241"]
[BlackFideId "4402413"]
[EventDate "2012.08.28"]

1. e4 e5 2. Nf3 Nc6 3. Bb5 a6 4. Ba4 Nge7 5. O-O g6 6. c3 Bg7 7. d4 exd4 8. cxd4
b5 9. Bb3 O-O 10. Nc3 d6 11. h3 Na5 12. Bc2 Bb7 13. a3 c5 14. dxc5 dxc5 15. Bf4
Nc4 16. Qc1 Nc6 17. Bh6 Nd4 18. Bxg7 Nxf3+ 19. gxf3 Kxg7 20. Rd1 Qh4 21. b3 Ne5
22. Kg2 Nxf3 23. Qe3 Nd4 24. Rd2 f5 25. Qg3 Qf6 26. Re1 f4 27. Qh2 Qg5+ 0-1

[Event "40th Olympiad Women"]
[Site "Istanbul TUR"]
[Date "2012.09.04"]
[Round "7.23"]
[Board "2"]
[White "Sharevich, Anna"]
[Black "Pina Vega, Sulennis"]
[Result "1/2-1/2"]
[WhiteTitle "WGM"]
[BlackTitle "WGM"]
[WhiteElo "2261"]
[BlackElo "2345"]
[WhiteTeam "Belarus"]
[BlackTeam "Cuba"]
[WhiteFideId "13503189"]
[BlackFideId "3503151"]
[EventDate "2012.08.28"]

1. d4 d5 2. Nf3 Nf6 3. c4 dxc4 4. e3 a6 5. Bxc4 e6 6. O-O c5 7. Bb3 Nc6 8. Nc3
Be7 9. d5 exd5 10. Nxd5 O-O 11. Nxf6+ Bxf6 12. Bd5 Nb4 13. e4 Nxd5 14. exd5 Bg4
15. h3 Bf5 16. Re1 Re8 17. Rxe8+ Qxe8 18. Qb3 b5 19. Be3 c4 20. Qb4 Rd8 21. Rd1
Bd3 22. d6 a5 23. Qxa5 Rxd6 24. Qb4 Ra6 25. a3 Be2 26. Re1 Bxf3 27. gxf3 Re6 28.
Qd2 Be5 29. Kf1 h6 30. Qc2 Qe7 31. Rd1 Qh4 32. Ke2 g6 33. Rd5 Qxh3 34. Qd2 Kh7
35. Rxb5 Bf4 36. Qd5 Qh2 37. Kf1 Qh1+ 38. Ke2 Qh2 39. Kf1 Bxe3 40. fxe3 h5 41.
Rb7 Qh3+ 42. Kf2 Kg7 43. a4 h4 44. Qd4+ Rf6 45. Rb6 Qxf3+ 46. Kg1 Qg3+ 47. Kh1
Qh3+ 48. Kg1 Qg3+ 49. Kh1 1/2-1/2

[Event "40th Olympiad Women"]
[Site "Istanbul TUR"]
[Date "2012.09.04"]
[Round "7.23"]
[Board "4"]
[White "Revo, Tatiana"]
[Black "Arribas Robaina, Maritza"]
[Result "1-0"]
[BlackTitle "WGM"]
[WhiteElo "2058"]
[BlackElo "2296"]
[WhiteTeam "Belarus"]
[BlackTeam "Cuba"]
[WhiteFideId "13506480"]
[BlackFideId "3501418"]
[EventDate "2012.08.28"]

1. e4 e5 2. Nf3 d6 3. d4 exd4 4. Nxd4 Nf6 5. Nc3 Be7 6. Bc4 O-O 7. O-O Nxe4 8.
Nxe4 d5 9. Bd3 dxe4 10. Bxe4 Bf6 11. Be3 Na6 12. c3 g6 13. Qf3 c6 14. Rad1 Qe7
15. Rfe1 Bg7 16. Bf4 Qf6 17. Qg3 h6 18. Bc2 Bd7 19. Nf3 Be6 20. Be5 Qe7 21. Bd6
Qf6 22. Bxf8 Bxf8 23. h4 Bxa2 24. h5 g5 25. Nd4 Bc4 26. b3 Bd5 27. Qd3 Bg7 28.
c4 c5 29. cxd5 cxd4 30. Qb5 Rc8 31. Re8+ Rxe8 32. Qxe8+ Bf8 33. Bd3 Nb4 34. Bc4
Kg7 35. Qd7 Bc5 36. Qg4 Qe5 37. Qf3 b5 38. Bxb5 Nxd5 39. Bc4 Nf4 40. g3 Ne6 41.
Kf1 Qf6 42. Qe4 a5 43. Rd3 Nd8 44. Rf3 Qe7 45. Qf5 Bb4 46. Bd3 Qe6 47. Qh7+ Kf8
48. Qh8+ Ke7 49. Qxd4 Qh3+ 50. Kg1 Ne6 51. Qa7+ Kd6 52. Rxf7 Kd5 1-0

[Event "40th Olympiad Women"]
[Site "Istanbul TUR"]
[Date "2012.09.04"]
[Round "7.24"]
[Board "1"]
[White "Munoz, Carolina"]
[Black "Hagesaether, Ellen"]
[Result "0-1"]
[WhiteTitle "WIM"]
[BlackTitle "WIM"]
[WhiteElo "1981"]
[BlackElo "2230"]
[WhiteTeam "Costa Rica"]
[BlackTeam "Norway"]
[WhiteFideId "6500579"]
[BlackFideId "1501909"]
[EventDate "2012.08.28"]

1. e4 e5 2. d4 exd4 3. Nf3 Nc6 4. Nxd4 Nf6 5. Nxc6 bxc6 6. e5 Qe7 7. Qe2 Nd5 8.
g3 g6 9. Bg2 Bg7 10. c4 Ba6 11. O-O O-O 12. Re1 Rfe8 13. Qc2 Nb6 14. Na3 Qc5 15.
Be3 Qxe5 16. Bxb6 Qxe1+ 17. Rxe1 Rxe1+ 18. Bf1 axb6 19. Kg2 Rae8 20. Bd3 c5 21.
Nb5 Bb7+ 22. Kh3 Bf3 23. Nxc7 R8e5 24. g4 Rg1 25. Bf5 Rxf5 0-1

[Event "40th Olympiad Women"]
[Site "Istanbul TUR"]
[Date "2012.09.04"]
[Round "7.24"]
[Board "2"]
[White "Sahl, Sheila Barth"]
[Black "Gamboa Alvarado, Leticia"]
[Result "1-0"]
[WhiteTitle "WIM"]
[WhiteElo "2235"]
[BlackElo "1890"]
[WhiteTeam "Norway"]
[BlackTeam "Costa Rica"]
[WhiteFideId "1500953"]
[BlackFideId "6502270"]
[EventDate "2012.08.28"]

1. e4 d6 2. d4 Nf6 3. Nc3 g6 4. Be3 Bg7 5. Qd2 c6 6. f3 b5 7. g4 h5 8. g5 Nfd7
9. a4 b4 10. Nce2 a5 11. h4 Ba6 12. f4 Nb6 13. b3 c5 14. f5 Nc6 15. Nf3 cxd4 16.
Nfxd4 Ne5 17. Bg2 Nbd7 18. Nf4 Nc5 19. O-O-O Rc8 20. Rh3 Qd7 21. Nd5 Nxb3+ 22.
Nxb3 Nc4 23. f6 Qxa4 24. Qd4 Qa3+ 25. Kb1 a4 26. Bc1 axb3 27. Bxa3 bxc2+ 28.
Kxc2 Nxa3+ 29. Kb3 Bc4+ 30. Qxc4 Nxc4 31. fxg7 Rg8 32. Kxb4 Ne5 33. Ra3 Rxg7 34.
Nb6 Rb8 35. Ra8 Rxa8 36. Nxa8 Kd7 37. Nb6+ Ke6 38. Bh3+ Ng4 39. Bxg4+ hxg4 40.
Rg1 f5 41. gxf6 exf6 42. Rxg4 f5 43. exf5+ Kxf5 44. Rg5+ Kf6 45. Nd5+ Kf7 46.
Kc4 Rg8 47. Kd4 Rh8 48. Rg4 Ra8 49. Ke4 Ra1 50. Ne3 Re1 51. Kf3 Rb1 52. Rd4 Ke6
53. Kf4 Rb5 54. Nc4 Rf5+ 55. Kg4 d5 56. Ne3 Re5 57. Nxd5 Kf7 58. Nf4 Re7 59. Rd6
Re4 60. Rd7+ Kf6 61. Rd6+ Kf7 62. Kf3 Ra4 63. Nxg6 Ra3+ 64. Kg4 Ra4+ 65. Nf4 Ke7
66. Rb6 Kf7 67. Rb7+ Kf6 68. h5 Rd4 69. h6 1-0

[Event "40th Olympiad Women"]
[Site "Istanbul TUR"]
[Date "2012.09.04"]
[Round "7.24"]
[Board "3"]
[White "Rodriguez Arrieta, Maria Elena"]
[Black "Skytte, Torill"]
[Result "1-0"]
[WhiteElo "1738"]
[BlackElo "1954"]
[WhiteTeam "Costa Rica"]
[BlackTeam "Norway"]
[WhiteFideId "6502911"]
[BlackFideId "1503260"]
[EventDate "2012.08.28"]

1. e4 e6 2. d4 d5 3. Nd2 c5 4. exd5 exd5 5. Ngf3 Nf6 6. dxc5 Bxc5 7. Nb3 Bb6 8.
Bb5+ Nc6 9. O-O O-O 10. Bg5 Be6 11. c3 h6 12. Bh4 Qe7 13. Re1 Rac8 14. Nbd4 Bd8
15. Ba4 a6 16. Bxc6 bxc6 17. Ne5 Qb7 18. Qb3 Qa8 19. Qa4 c5 20. Nxe6 fxe6 21.
Bxf6 Rxf6 22. Qe8+ Kh7 23. Nd7 Rxf2 24. Nf8+ Rxf8 25. Qxf8 Bh4 26. Qf7 Rf8 27.
Qxe6 Bf2+ 28. Kh1 Bxe1 29. Rxe1 Qb7 30. Qe2 a5 31. h3 Kh8 32. b3 Qc7 33. Qd3 Qf7
34. Rd1 Rd8 35. Qb5 Qc7 36. Qd3 Qf7 37. Qa6 Qc7 38. Qe6 Qb7 39. Rf1 Qd7 40. Rf8+
Kh7 41. Qg8+ Kg6 42. Rxd8 Qf5 43. Rd6+ 1-0

[Event "40th Olympiad Women"]
[Site "Istanbul TUR"]
[Date "2012.09.04"]
[Round "7.24"]
[Board "4"]
[White "Hansen, Erle Andrea Marki"]
[Black "Nunez Gonzalez, Neeshmy"]
[Result "0-1"]
[WhiteElo "1861"]
[BlackElo "1828"]
[WhiteTeam "Norway"]
[BlackTeam "Costa Rica"]
[WhiteFideId "1508229"]
[BlackFideId "6504396"]
[EventDate "2012.08.28"]

1. Nf3 c5 2. g3 Nc6 3. d4 Nf6 4. Bg2 cxd4 5. Nxd4 g6 6. b3 Bg7 7. Bb2 Qb6 8. O-O
O-O 9. c4 d6 10. e3 a5 11. Nc3 Bd7 12. Rc1 a4 13. Ndb5 axb3 14. axb3 Rfc8 15.
Ra1 Rxa1 16. Qxa1 Qa6 17. Na4 Na5 18. Nbc3 Nxb3 19. Qa3 Nd2 20. Ra1 Nxc4 21. Qb4
Nxb2 22. Qxb2 Qc4 23. Qb6 Bc6 24. Bf1 Qg4 25. Be2 Qh3 26. Bf1 Qh5 27. Be2 Ng4
28. h4 Qf5 29. Rf1 Ne5 30. e4 Qh3 31. Qb4 Bxa4 32. Nxa4 Rc2 33. Bd1 Rc1 34. Qb3
Ng4 35. Re1 Qh2+ 0-1

[Event "40th Olympiad Women"]
[Site "Istanbul TUR"]
[Date "2012.09.04"]
[Round "7.25"]
[Board "2"]
[White "Hamid, Rani"]
[Black "Plazaola, Maria De Los Angeles"]
[Result "1/2-1/2"]
[WhiteTitle "WIM"]
[BlackTitle "WIM"]
[WhiteElo "1952"]
[BlackElo "2164"]
[WhiteTeam "Bangladesh"]
[BlackTeam "Argentina"]
[WhiteFideId "10200096"]
[BlackFideId "113395"]
[EventDate "2012.08.28"]

1. e4 c5 2. Nf3 Nc6 3. d4 cxd4 4. Nxd4 e5 5. Nb5 d6 6. c4 Be7 7. N1c3 a6 8. Na3
f5 9. exf5 Bxf5 10. Bd3 Be6 11. O-O Nf6 12. Ne4 Nd4 13. Be3 Nf5 14. Bd2 O-O 15.
Nxf6+ Bxf6 16. Be4 Rb8 17. Rc1 Qd7 18. Rc3 g6 19. Rd3 b5 20. cxb5 axb5 21. Bb4
Nd4 22. b3 Rfc8 23. Rd2 d5 24. Bb1 Qa7 25. Nc2 Nf5 26. Ne1 Rd8 27. Nd3 Rbc8 28.
Re1 Qb8 29. Nf4 Bf7 30. Nxd5 Bg5 31. Bxf5 Bxd2 32. Ne7+ Kg7 33. Bxc8 Bxb4 34.
Qxd8 Bxe1 35. Nc6 Qa8 36. Qc7 Bxf2+ 37. Kxf2 Qxa2+ 38. Kg3 Qxb3+ 39. Kf2 Qc2+
40. Ke3 Qc3+ 41. Ke4 Qe1+ 42. Kd3 Qb1+ 43. Kd2 Qa2+ 1/2-1/2

[Event "40th Olympiad Women"]
[Site "Istanbul TUR"]
[Date "2012.09.04"]
[Round "7.25"]
[Board "3"]
[White "Fernandez, Maria Florencia"]
[Black "Khan, Nazrana"]
[Result "1-0"]
[WhiteElo "2160"]
[BlackElo "2008"]
[WhiteTeam "Argentina"]
[BlackTeam "Bangladesh"]
[WhiteFideId "116459"]
[BlackFideId "10201734"]
[EventDate "2012.08.28"]

1. d4 d5 2. c4 e6 3. Nc3 Nf6 4. Nf3 Be7 5. Qc2 O-O 6. e3 b6 7. cxd5 exd5 8. Bd3
Bb7 9. g4 g6 10. Rg1 Na6 11. a3 c5 12. Ne5 Ne4 13. Nxe4 dxe4 14. Bxe4 Bxe4 15.
Qxe4 Bh4 16. Bd2 Re8 17. Qf4 f6 18. Nf3 Bg5 19. Nxg5 fxg5 20. Qf3 cxd4 21. O-O-O
dxe3 22. Bc3 exf2 23. Rgf1 Qe7 24. Qd5+ Qf7 25. Qxf7+ Kxf7 26. Rxf2+ Ke6 27.
Re2+ Kf7 28. Rd7+ Kf8 29. Rf2+ Kg8 30. Rg7+ Kh8 31. Rxg6+ 1-0

[Event "40th Olympiad Women"]
[Site "Istanbul TUR"]
[Date "2012.09.04"]
[Round "7.25"]
[Board "4"]
[White "Chowdhury, Mahmuda Hoque"]
[Black "Martinez, Ayelen"]
[Result "0-1"]
[WhiteElo "1827"]
[BlackElo "2095"]
[WhiteTeam "Bangladesh"]
[BlackTeam "Argentina"]
[WhiteFideId "10203095"]
[BlackFideId "118702"]
[EventDate "2012.08.28"]

1. d4 Nf6 2. c4 g6 3. Nc3 Bg7 4. e4 d6 5. Bd3 O-O 6. Nge2 c5 7. Be3 Ng4 8. Qd2
Nxe3 9. Qxe3 cxd4 10. Nxd4 Qb6 11. Ndb5 Bxc3+ 12. bxc3 Qxe3+ 13. fxe3 Na6 14.
Kd2 Bd7 15. Rhf1 Rfc8 16. Rab1 Nc5 17. Nd4 a6 18. Nb3 Nxd3 19. Kxd3 b5 20. Nd2
Rc5 21. cxb5 axb5 22. Rb2 Be6 23. Ra1 Ra3 24. Nb3 Rh5 25. h3 Rg5 26. g4 h5 27.
gxh5 Bc4+ 28. Kc2 Rxh5 29. Nd2 Rxh3 30. Nxc4 bxc4 31. Re1 Kg7 32. Re2 Kf6 33.
Rf2+ Ke6 34. Kd2 Rh1 35. Ke2 Rxc3 0-1

[Event "40th Olympiad Women"]
[Site "Istanbul TUR"]
[Date "2012.09.04"]
[Round "7.26"]
[Board "1"]
[White "Fierro Baquero, Martha L."]
[Black "Corke, Anya S"]
[Result "1/2-1/2"]
[WhiteTitle "IM"]
[BlackTitle "WGM"]
[WhiteElo "2384"]
[BlackElo "2254"]
[WhiteTeam "Ecuador"]
[BlackTeam "England"]
[WhiteFideId "3600270"]
[BlackFideId "6000347"]
[EventDate "2012.08.28"]

1. Nf3 Nf6 2. c4 c6 3. g3 d5 4. Bg2 Bg4 5. Ne5 Be6 6. cxd5 Bxd5 7. Nf3 c5 8. O-O
Nbd7 9. d3 Bc6 10. e4 e5 11. a4 b6 12. Na3 Bd6 13. Nc4 Bc7 14. Bd2 a6 15. Bc3
Qb8 16. Nh4 b5 17. Ne3 Qb7 18. Qf3 c4 19. axb5 axb5 20. Bb4 Ra4 21. Rxa4 bxa4
22. Ba3 cxd3 23. Nd5 Bxd5 24. exd5 e4 25. Qf5 g6 26. Qg5 h6 27. Qc1 Ba5 28. Qc4
Qxd5 29. Qxd5 Nxd5 30. Bxe4 Nb4 31. Bxb4 Bxb4 32. Bxd3 O-O 33. Bc4 Rc8 34. Bb5
Nb6 35. Ra1 Rc2 36. Bxa4 Nxa4 37. Rxa4 Rxb2 38. Ra8+ Kg7 39. Rb8 Bc3 1/2-1/2

[Event "40th Olympiad Women"]
[Site "Istanbul TUR"]
[Date "2012.09.04"]
[Round "7.26"]
[Board "2"]
[White "Yurenok, Maria S"]
[Black "Heredia Serrano, Carla"]
[Result "0-1"]
[WhiteTitle "WFM"]
[BlackTitle "WIM"]
[WhiteElo "2058"]
[BlackElo "2242"]
[WhiteTeam "England"]
[BlackTeam "Ecuador"]
[WhiteFideId "409359"]
[BlackFideId "3603687"]
[EventDate "2012.08.28"]

1. d4 Nf6 2. c4 g6 3. Nc3 Bg7 4. e4 d6 5. f3 O-O 6. Nge2 c6 7. Be3 a6 8. c5 b5
9. cxb6 Nbd7 10. Na4 Nxb6 11. Nec3 a5 12. Rc1 Nfd7 13. Be2 Ba6 14. Bxa6 Rxa6 15.
Qd3 Ra8 16. O-O Nxa4 17. Nxa4 Nb6 18. Qc2 Rb8 19. Rf2 Qd7 20. Nxb6 Rxb6 21. Qa4
Qa7 22. d5 c5 23. b3 Rb4 24. Qa3 Qa6 25. Bd2 Bd4 26. Bxb4 cxb4 27. Qa4 Qe2 28.
Rf1 Rc8 29. g3 Rc2 30. Qe8+ Kg7 0-1

[Event "40th Olympiad Women"]
[Site "Istanbul TUR"]
[Date "2012.09.04"]
[Round "7.26"]
[Board "3"]
[White "Moncayo Romero, Evelyn"]
[Black "Hegarty, Sarah N"]
[Result "0-1"]
[WhiteTitle "WIM"]
[BlackTitle "WFM"]
[WhiteElo "2163"]
[BlackElo "2120"]
[WhiteTeam "Ecuador"]
[BlackTeam "England"]
[WhiteFideId "3600424"]
[BlackFideId "2501465"]
[EventDate "2012.08.28"]

1. e4 c5 2. Nf3 d6 3. d4 cxd4 4. Nxd4 Nf6 5. Nc3 a6 6. a4 e5 7. Nb3 Be6 8. Be2
Be7 9. a5 d5 10. exd5 Nxd5 11. Nxd5 Bxd5 12. O-O Nc6 13. c4 Be6 14. Be3 O-O 15.
Nc5 Bxc5 16. Bxc5 Re8 17. Bb6 Qf6 18. Qd6 Nd4 19. Bxd4 exd4 20. Rfd1 Rad8 21.
Qb6 Rd7 22. Rd2 Qf4 23. Qb4 Red8 24. c5 g6 25. Rad1 Bg4 26. g3 Qe4 27. Bxg4 Qxg4
28. Rd3 Qe4 29. Qc4 Kg7 30. b4 h5 31. f3 Qe2 32. R1d2 Qe5 33. Kg2 h4 34. c6 bxc6
35. Qxc6 Rc7 36. Qxa6 Rc1 37. Rf2 hxg3 38. hxg3 Qe1 39. Kh3 Rh8+ 40. Kg4 Qe5 0-1

[Event "40th Olympiad Women"]
[Site "Istanbul TUR"]
[Date "2012.09.04"]
[Round "7.26"]
[Board "4"]
[White "Bhatia, Kanwal K"]
[Black "Romero Echeverria, Abigail"]
[Result "0-1"]
[WhiteTitle "WFM"]
[BlackTitle "WFM"]
[WhiteElo "2103"]
[BlackElo "2109"]
[WhiteTeam "England"]
[BlackTeam "Ecuador"]
[WhiteFideId "407496"]
[BlackFideId "3603806"]
[EventDate "2012.08.28"]

1. e4 c5 2. c3 d5 3. exd5 Qxd5 4. d4 Nf6 5. Nf3 e6 6. Na3 Qd8 7. Bd3 Be7 8. O-O
O-O 9. Bf4 Nbd7 10. Rc1 b6 11. Re1 Bb7 12. Nc4 Nd5 13. Bg3 N7f6 14. Bb1 Rc8 15.
Nce5 b5 16. Qe2 cxd4 17. Qxb5 Ba8 18. Nxd4 Bd6 19. Qa6 Nb6 20. Bh4 Bxe5 21. Rxe5
Qxd4 22. Bxf6 gxf6 23. Rh5 Qg4 0-1

[Event "40th Olympiad Women"]
[Site "Istanbul TUR"]
[Date "2012.09.04"]
[Round "7.27"]
[Board "1"]
[White "Feliciano Ebert, Vanessa"]
[Black "Baciu, Diana"]
[Result "1/2-1/2"]
[WhiteTitle "WFM"]
[BlackTitle "WFM"]
[WhiteElo "2231"]
[BlackElo "2186"]
[WhiteTeam "Brazil"]
[BlackTeam "Moldova"]
[WhiteFideId "2114160"]
[BlackFideId "13903284"]
[EventDate "2012.08.28"]

1. d4 Nf6 2. c4 e6 3. Nc3 Bb4 4. e3 O-O 5. a3 Bxc3+ 6. bxc3 c5 7. Bd3 Nc6 8. Ne2
b6 9. e4 e5 10. Bg5 d6 11. O-O h6 12. Bh4 g5 13. Bg3 Qe7 14. f3 Ba6 15. f4 Nh5
16. fxe5 dxe5 17. Bxe5 Nxe5 18. dxe5 Qxe5 19. Rf5 Qe7 20. Qf1 Rad8 21. Qf3 Ng7
22. Rd5 Bb7 23. Rf1 Rde8 24. Ng3 Bxd5 25. cxd5 c4 26. Bc2 Qe5 27. Qf6 Qxf6 28.
Rxf6 h5 29. Ne2 h4 30. Nd4 Nh5 31. Rf5 f6 32. Ne6 Ng7 33. Nxf8 Nxf5 34. Nd7 Rd8
35. Nxf6+ Kf7 36. Ng4 Nd6 37. Ne5+ Kg7 38. Nc6 Rd7 39. a4 Nf7 40. Bd1 Kf6 41.
Bg4 Rc7 42. Nd4 Nd6 43. Bf3 g4 44. Bxg4 Nxe4 45. Nb5 Rg7 46. Be2 a6 47. Nd4 Nd6
48. Bf3 Nf5 49. Nc6 b5 50. axb5 axb5 51. Kf2 Rd7 52. g3 hxg3+ 53. hxg3 Rg7 54.
g4 Nh4 55. Be2 Rd7 56. Kg3 Ng6 57. Bf3 Ne5 58. Be4 Rg7 59. Bf5 Nxc6 60. dxc6 Rc7
61. Be4 Ke5 62. Kf3 b4 63. cxb4 Kd4 64. b5 Rf7+ 65. Bf5 Kc5 66. Ke4 Re7+ 67. Kf4
c3 68. g5 Kxb5 69. g6 Kxc6 70. Kg5 Re5 71. Kf6 Rxf5+ 72. Kxf5 c2 73. g7 1/2-1/2

[Event "40th Olympiad Women"]
[Site "Istanbul TUR"]
[Date "2012.09.04"]
[Round "7.27"]
[Board "2"]
[White "Smokina, Karolina"]
[Black "Terao, Juliana Sayumi"]
[Result "1/2-1/2"]
[WhiteTitle "WGM"]
[BlackTitle "WIM"]
[WhiteElo "2156"]
[BlackElo "2187"]
[WhiteTeam "Moldova"]
[BlackTeam "Brazil"]
[WhiteFideId "13900382"]
[BlackFideId "2109220"]
[EventDate "2012.08.28"]

1. c4 e5 2. Nc3 Nc6 3. g3 g6 4. Bg2 Bg7 5. d3 d6 6. e4 Nge7 7. Nge2 O-O 8. O-O
h6 9. Nd5 Nxd5 10. cxd5 Ne7 11. d4 Bg4 12. f3 Bd7 13. dxe5 dxe5 14. Be3 c6 15.
d6 Nc8 16. Qd2 Qf6 17. f4 Rd8 18. fxe5 Qxe5 19. Bxh6 Nxd6 20. Bxg7 Kxg7 21. Qf4
Qxf4 22. gxf4 Bg4 23. Ng3 Nc4 24. h3 Bh5 25. Nxh5+ gxh5 26. Rf2 Rd4 27. b3 Nd2
28. Re1 Kf6 29. Ree2 Rad8 30. h4 a5 31. Kh2 1/2-1/2

[Event "40th Olympiad Women"]
[Site "Istanbul TUR"]
[Date "2012.09.04"]
[Round "7.27"]
[Board "3"]
[White "Guimaraes, Artemis Pamela"]
[Black "Partac, Elena"]
[Result "1/2-1/2"]
[BlackTitle "WGM"]
[WhiteElo "1996"]
[BlackElo "2102"]
[WhiteTeam "Brazil"]
[BlackTeam "Moldova"]
[WhiteFideId "2121107"]
[BlackFideId "13901001"]
[EventDate "2012.08.28"]

1. e4 c5 2. Nf3 Nc6 3. Bb5 g6 4. Bxc6 dxc6 5. d3 Bg7 6. h3 e5 7. Be3 Qe7 8. Qd2
Nf6 9. Nc3 Nd7 10. Bh6 f6 11. Bxg7 Qxg7 12. a3 O-O 13. b4 Rd8 14. O-O b6 15. Ne2
cxb4 16. axb4 Nf8 17. Qc3 g5 18. Qxc6 Bd7 19. Qc3 g4 20. hxg4 Bxg4 21. Ng3 Bxf3
22. gxf3 Kh8 23. Kg2 Ne6 24. Rh1 Rac8 25. Qd2 Nf4+ 26. Kf1 Rc7 27. Rh4 Rdc8 28.
Ra2 Qg8 29. Rb2 Qg5 30. Rg4 Qh6 31. Ke1 Qh2 32. Rxf4 exf4 33. Qxf4 Qg1+ 34. Nf1
Rxc2 35. Rxc2 Rxc2 36. Qxf6+ Kg8 37. Qe6+ Kf8 38. Qd6+ Kf7 39. Qd7+ Kf8 1/2-1/2

[Event "40th Olympiad Women"]
[Site "Istanbul TUR"]
[Date "2012.09.04"]
[Round "7.27"]
[Board "4"]
[White "Hincu, Olga"]
[Black "Chang, Suzana"]
[Result "1/2-1/2"]
[BlackTitle "WFM"]
[WhiteElo "1931"]
[BlackElo "2006"]
[WhiteTeam "Moldova"]
[BlackTeam "Brazil"]
[WhiteFideId "13904108"]
[BlackFideId "2105985"]
[EventDate "2012.08.28"]

1. c4 Nf6 2. Nc3 g6 3. g3 Bg7 4. Bg2 d6 5. d3 O-O 6. e4 c5 7. Nge2 Nc6 8. O-O
Rb8 9. h3 Ne8 10. Be3 Nc7 11. Qd2 Nd4 12. f4 f5 13. Kh2 e6 14. Ng1 b5 15. cxb5
Ncxb5 16. Nf3 Nxf3+ 17. Bxf3 Nd4 18. Bd1 Qa5 19. g4 Bb7 20. gxf5 exf5 21. Qg2
Qa6 22. Bxd4 Bxd4 23. Bb3+ Kg7 24. Qc2 Bc6 25. Rae1 Qb7 26. Ne2 Qb4 27. Nxd4
Qxd4 28. Qc3 Qxc3 29. bxc3 fxe4 30. dxe4 Rfe8 31. e5 d5 32. Rf2 c4 33. Bd1 Rb1
34. Rg1 Re7 35. Rd2 Rc1 36. Rc2 Rb1 37. Rd2 Rc1 38. Rc2 Ra1 39. Bf3 Rxg1 40.
Kxg1 g5 41. Rg2 h6 42. fxg5 Rxe5 43. gxh6+ Kxh6 44. Rd2 Re3 45. Bxd5 Bxd5 46.
Rxd5 Rxh3 47. Ra5 Rxc3 48. Rxa7 Rc2 49. a4 Kg5 50. a5 Ra2 51. Rc7 1/2-1/2

[Event "40th Olympiad Women"]
[Site "Istanbul TUR"]
[Date "2012.09.04"]
[Round "7.28"]
[Board "1"]
[White "Arbunic Castro, Giovanna"]
[Black "Novkovic, Julia"]
[Result "0-1"]
[WhiteTitle "WIM"]
[BlackTitle "WFM"]
[WhiteElo "2098"]
[BlackElo "2066"]
[WhiteTeam "Chile"]
[BlackTeam "Austria"]
[WhiteFideId "3400549"]
[BlackFideId "12000086"]
[EventDate "2012.08.28"]

1. d4 g6 2. c4 Bg7 3. Nc3 Nf6 4. e3 O-O 5. Nge2 c5 6. g3 cxd4 7. Nxd4 d5 8. Ndb5
a6 9. Na3 dxc4 10. Qxd8 Rxd8 11. Nxc4 b5 12. Nb6 Bb7 13. Rg1 Ra7 14. a4 b4 15.
Na2 Ng4 16. Bg2 a5 17. Bxb7 Rxb7 18. Nc4 Rbd7 19. Ke2 Nc6 20. f4 f5 21. h3 Nf6
22. g4 fxg4 23. hxg4 Ne4 24. Rb1 b3 0-1